| 000 | 00615cam a2200181 i 4500 | ||
|---|---|---|---|
| 005 | 20260119113203.0 | ||
| 008 | 250721s1979 ua gr 000 0 ara d | ||
| 082 | 1 | 4 |
_a331.026 _bح س ن |
| 100 | 1 |
_aكيرة، حسن _eمؤلف. |
|
| 245 | 1 | 0 |
_aأصول قانون العمل : _bعقد العمل / _cدكتور حسن كيره. |
| 250 | _aالطبعة الاولى. | ||
| 264 | 3 | 1 |
_aالإسكندرية : _bمنشأة المعارف، _c1979. |
| 300 | _a935صفحة. | ||
| 650 | 1 | 7 | _aالعمل و العمال. |
| 650 | 1 | 7 | _aتشريعات العمل. |
| 942 |
_2ddc _cBK |
||
| 999 |
_c20199 _d20199 |
||